El artista como buscador espiritual / procesos creativos y cosmovisiones emergentes ante el no-futuro actual /

Guardado en:
Bibliografiske detaljer
Hovedforfatter: Kreimer, Juan Carlos (autor)
Format: Bog
Sprog:spansk
Udgivet: Barcelona, España : La Llave, 2022, c2022
Serier:(Salto de Fondo)
Fag:
Tags: Tilføj Tag
Ingen Tags, Vær først til at tagge denne postø!

MARC

LEADER 00000nam^a2200000^a^4500
001 000585892
005 20250521000000.0
009 20260310132738.912
020 |a 978-84-16145-37-9 
037 |a Acervo Xavier Clavigero 
041 |a ESP 
082 |a 701. 15  |b KRE 
100 |a Kreimer, Juan Carlos  |e (autor) 
245 1 3 |a El artista como buscador espiritual /  |b procesos creativos y cosmovisiones emergentes ante el no-futuro actual /  |c J.C. Kreimer. 
264 4 |a Barcelona, España :  |b La Llave,  |c 2022, c2022 
300 |a 271 p. 
336 |a texto  |b txt  |2 rdacontenido 
337 |a sin mediación  |b n  |2 rdamedio 
338 |a volumen  |b nc  |2 rdasoporte 
440 1 |a (Salto de Fondo) 
521 |a Peticiones 2024 
649 |a XX 
650 |a Alma y Cuerpo 
650 |a Espiritualidad 
650 |a Creatividad 
650 |a Inspiración (Arte) 
650 |a Creación (Literaria, Artística, etc.) -  |x Tema Principal 
650 |a Arte y Religión 
650 |a Psicología y Arte 
650 |a Estética 
650 |a Filosofía del Siglo XXI 
650 |a Filosofía Argentina 
910 |a Fondo General 
920 |a Impresos - Libros 
930 |a Colección General 
905 |a 101 
901 |a 0500407685  |b IT1  |c ACC  |i C2470  |u 20250521 
902 |a https://opac.biblio.iteso.mx/vufind/Record/000585892